000 00437nam a2200181Ia 4500
001 13079
005 20260306163027.0
008 260306t1875||||xx |||||||||||||| ||spa||
041 _aESP
082 _aRD 920.003
_bC82
100 _aDomingo Cortes, José
_eAUT
245 0 _aDiccionario biográfico americano
260 _c1875
300 _a552 páginas :
_c28 cm.
650 _aGEN
654 _aCHU
942 _cDIC
_dJUS
_fJUS
_2ddc
_n
999 _c13079
_d13079